LEADER 01270nam a2200313 a 4500 001 000000173373 003 CaOOAMICUS 005 20200309124409.0 008 200309s2020 it 000 u ita r 020 $a978-88-308-1715-9 032 $aLibriCat 040 $aPUL$bita 082 04$a243 100 1 $aLeone, Salvino.$0(OLS)http://pul/name/5948 245 10$aBioetica e persona :$bmanuale di bioetica e medical humanieties /$cSalvino Leone. 260 $aAssisi :$bCittadella,$c2020. 300 $a654 p. ;$c21 cm 490 1 $aTeologia. Strumenti 504 $aBibliografia alla fine di ciascun capitolo. 650 4$aBioetica$vManuali.$0(OLS)http://pul/subject/18403 830 0$aTeologia.$pStrumenti.$0(OLS)http://pul/title/45239 850 $aPUL 852 $aPUL$W1$xSL Religione 3$y85$m230 COLL 15.29$j197367$qDDC 21$B202150$CPULBib$Z2$F202150 $H134224 $82 941 1 $a9 996 $6020$a978-88-308-1715-9$9(OLS)http://pul/number/167380 996 $6082$a243$9(OLS)http://pul/classification/593 996 $6245$aBioetica e persona :$bmanuale di bioetica e medical humanieties$9(OLS)http://pul/title/214538 996 $6260$aAssisi :$bCittadella$9(OLS)http://pul/publisher/49668 LEADER 01262nam a2200313 u 4500 001 000000062839 003 CaOOAMICUS 005 20120123145106.0 008 011010s1965 sp u000 u spa u 035 $a10906006 040 $aPUL(R)$bita 100 1 $aSantos Hernández, Angel,$cS.I.$0(OLS)http://pul/name/20142 245 10$aBibliografia Misional /$cAngel Santos Hernandez. 260 $aSantander :$bSal terrae,$c1965. 300 $a2 v. ;$c22 cm 490 1 $aMisionologia ;$v3. 1-2. 490 1 $aBibliotheca Comillensis 505 0 $aV.1. Parte Doctrinal. -- v.2. Parte Historica. 650 4$aMissiologia.$0(OLS)http://pul/subject/9730 830 0$aBibliotheca Comillensis.$0(OLS)http://pul/title/33321 830 0$aMisionologia ;$v3. 1-2.$0(OLS)http://pul/title/33323 850 $aPUL 852 $aPUL$W1$xDP2 Religione 1$y63$m69 A 9$j81624$nBK-PRI$av.2$qStampati$B81625$CPULBib$Z2$F81625 $82 852 $aPUL$W1$xDP2 Religione 1$y63$m69 A 8$j147186$nBK-PRI$av.1$qStampati$B81624$CPULBib$Z2$F81624 $82 941 1 $a8 961 $aINV: 30990-30991 961 $aINV: 30990-30991 996 $6245$aBibliografia Misional$9(OLS)http://pul/title/83821 996 $6260$aSantander :$bSal terrae$9(OLS)http://pul/publisher/62447